Определение термических режимов радиационного облучения слитков кремния в горизонтальном канале реактора ИРТ-Т; Инновации в технологиях и образовании; Ч. 1
| Parent link: | Инновации в технологиях и образовании: сборник статей участников XI Международной научно-практической конференции, Белово, 26-27 Апреля 2018.— , 2018 Ч. 1.— 2018.— [С. 85-86] |
|---|---|
| Հիմնական հեղինակ: | |
| Համատեղ հեղինակ: | |
| Այլ հեղինակներ: | |
| Ամփոփում: | Заглавие с экрана Режим доступа: по договору с организацией-держателем ресурса |
| Լեզու: | ռուսերեն |
| Հրապարակվել է: |
2018
|
| Խորագրեր: | |
| Առցանց հասանելիություն: | https://elibrary.ru/item.asp?id=36355259 |
| Ձևաչափ: | MixedMaterials Էլեկտրոնային Գրքի գլուխ |
| KOHA link: | https://koha.lib.tpu.ru/cgi-bin/koha/opac-detail.pl?biblionumber=660120 |
MARC
| LEADER | 00000naa0a2200000 4500 | ||
|---|---|---|---|
| 001 | 660120 | ||
| 005 | 20250828124456.0 | ||
| 035 | |a (RuTPU)RU\TPU\network\29067 | ||
| 035 | |a RU\TPU\network\21971 | ||
| 090 | |a 660120 | ||
| 100 | |a 20190425d2018 k||y0rusy50 ca | ||
| 101 | 0 | |a rus | |
| 102 | |a RU | ||
| 135 | |a drcn ---uucaa | ||
| 181 | 0 | |a i | |
| 182 | 0 | |a b | |
| 200 | 1 | |a Определение термических режимов радиационного облучения слитков кремния в горизонтальном канале реактора ИРТ-Т |f Н. В. Смольников, И. И. Лебедев | |
| 203 | |a Текст |c электронный | ||
| 300 | |a Заглавие с экрана | ||
| 320 | |a [Библиогр.: 2 назв.] | ||
| 333 | |a Режим доступа: по договору с организацией-держателем ресурса | ||
| 461 | |t Инновации в технологиях и образовании |o сборник статей участников XI Международной научно-практической конференции, Белово, 26-27 Апреля 2018 |o в 2 ч. |d 2018 | ||
| 463 | |t Ч. 1 |v [С. 85-86] |d 2018 | ||
| 610 | 1 | |a электронный ресурс | |
| 610 | 1 | |a труды учёных ТПУ | |
| 610 | 1 | |a радиационное излучение | |
| 610 | 1 | |a слитки | |
| 610 | 1 | |a кремний | |
| 610 | 1 | |a реактор ИРТ-Т | |
| 700 | 1 | |a Смольников |b Н. В. |c специалист в области ядерных технологий |c инженер-физик Томского политехнического университета |f 1998- |g Никита Викторович |9 21494 | |
| 701 | 1 | |a Лебедев |b И. И. |c специалист в области энергетики |c инженер Томского политехнического университета |f 1990- |g Иван Игоревич |3 (RuTPU)RU\TPU\pers\32502 |9 16448 | |
| 712 | 0 | 2 | |a Национальный исследовательский Томский политехнический университет |b Инженерная школа ядерных технологий |b Отделение ядерно-топливного цикла |3 (RuTPU)RU\TPU\col\23554 |
| 801 | 2 | |a RU |b 63413507 |c 20190425 |g RCR | |
| 850 | |a 63413507 | ||
| 856 | 4 | |u https://elibrary.ru/item.asp?id=36355259 | |
| 942 | |c CF | ||